1679 1718 1045 1127 1346 1396 1008 1186 1826 1600 1075 1138 1115 1005 1172 1021 1937 1774 1020 1499 1974 1991 1308 1373 1493 1806 1189 1338 1364 1724 1988 1387 1485 1907 1061 1871 1300 1015 1038 1743 1363 1100 1491 1856 1782 1391 1324 1694 1939 1314 1005 1035 1046 1915 1441 1616 1204 1355 1154 1551 1791 1706 1720 1925 2000 1660 1424 1311 1746 1555 1882 1991 1888 1783 1557 1979 1275 1464 1084 1655 1628 1088 1009 1522 1625 1942 1248 1594 1277 1178 1710 1182 1842 1981 1035 1009 1950 1715 1498 BCNSPRNW ULIB Ver.6.0+V

เปลี่ยนเป็นภาษาไทย

Change to English
 แสดงรายละเอียดบรรณานุกรม
  กลับหน้าหลัก

Brief Record : Get Marc (ISO 2709) : E-mail record : QR code < ปิดหน้าต่าง
LEADER : 00000nam 2200000uu 4500
001    13399128133
003     ULIB
008    220718s2564||||th 000 0 tha d
020 ^- ^a9786165828918
060 ^- ^aWA20.5^bท56ก
100 0^ ^aทวีวรรณ ศรีสุขคำ.
245 10 ^aการวิจัยเชิงปฏิบัติการทางสุขภาพ =Action research in health /^cทวีวรรณ ศรีสุขคำ.
246 11 ^aAction research in health
250 ^- ^aพิมพ์ครั้งที่ 1.
260 ^- ^aกรุงเทพฯ :^bโอ. เอส. พริ้นติ้ง เฮ้าส์,^c2564
300 ^- ^aก-ญ, 209 หน้า :ภาพประกอบ (ภาพสีบางภาพ)
505 0^ ^aบทที่ 1 ความเป็นมาการวิจัยเชิงปฏิบัติการทางสุขภาพ -- บทที่ 2 กระบวนทัศน์การวิจัยเชิงปฏิบัติการ -- บทที่ 3 แนวคิดและประเภทการวิจัยเชิงปฏิบัติการทางสุขภาพ -- บทที่ 4 หลักการ กระบวนการ และขั้นตอนการวิจัยเชิงปฏิบัติการทางสุขภาพ -- บทที่ 5 การกำหนดปัญหา คำถาม วัตถุประสงค์การวิจัย การทบทวนวรรณกรรมการวิจัยเชิงปฏิบัติการทางสุขภาพ -- บทที่ 6 เครื่องมือการวิจัยสำหรับการวิจัยเชิงปฏิบัติการทางสุขภาพ -- บทที่ 7 เทคนิควิธีที่นำมาใช้การวิจัยเชิงปฏิบัติการทางสุขภาพ -- บทที่ 8 การตรวจสอบคุณภาพข้อมูลในการวิจัยเชิงปฏิบัติการทางสุขภาพ -- บทที่ 9 การวิเคราะห์ข้อมูลในการวิจัยเชิงปฏิบัติการทางสุขภาพ -- บทที่ 10 การเขียนรายการการวิจัยเชิงปฏิบัติการทางสุขภาพ.
650 ^4 ^aวิจัยปฏิบัติการในงานสาธารณสุข.
650  0 ^aสาธารณสุข^xวิจัย.
945    ^p350^l0^i009050
999    ^aประนอม เกษจรัล
รายการนี้ยังไม่มีแท็ก
คุณยังไม่ได้ล็อกอิน คุณสามารถมีกิจกรรมร่วมกับเว็บไซต์ได้ แต่ต้องล็อกอินก่อน ::
  ล็อกอิน

รายการสื่อสารสนเทศ

ลำดับที่ ประเภท เลขเรียก/บาร์โค้ด สถานที่ สถานะ
1. วิทยาศาสตร์การแพทย์ และสุขภาพ
หนังสือสำรอง
สถานะ=หนังสือสำรอง
WA20.5 ท56ก ฉ.1 
  Barcode: 009050
ห้องสมุดวิทยาเขตสวรรค์ประชารักษ์
►หนังสือทั่วไป
ถูกยืม กำหนดส่งวันที่ 21 มิถุนายน 2566
  จอง

รายการใกล้เคียง
    หัวเรื่อง [สาธารณสุข วิจัย.]

BibComment


ยังไม่เคยถูกคอมเมนท์

คอมเมนท์ทรัพยากรรายการนี้
  คอมเมนท์: การวิจัยเชิงปฏิบ..


 Copyright 2026. Bcnsprnw @Library